Bilecik Bilecik Bilecik Bilecik Bilecik

Aziz İstanbul/ (Record no. 4575)

MARC details
000 -BAŞLIK
Sabit Uzunluktaki Kontrol Alanı 01248nam a22003977a 4500
001 - KONTROL NUMARASI
Control Dosyası 0004593
003 - KONTROL NUMARASI KİMLİĞİ
Kontrol Alanı KOHA_MİRAKIL
005 - EN SON İŞLEM TARİHİ ve ZAMANI
Kontrol Alanı 20260207001419.0
007 - FİZİKSEL TANIM SABİT ALAN - GENEL BİLGİ
Sabit uzunluklu kontrol alanı ta
008 - SABİT UZUNLUKTAKİ VERİ ÖGELERİ - GENEL BİLGİ
Sabit Alan 090508b1974 tu |||gr||||#0|||1|tur |
040 ## - KATALOGLAMA KAYNAĞI
Özgün Kataloglama Kurumu TR-BiSEU
Kataloglama Dili tur
Çeviri Kurumu TR-BiSEU
Açıklama Kuralları rda
041 0# - DİL KODU
Metin ya da ses kaydının dil kodu tur
044 ## - YAYINLAYAN/ÜRETEN KURULUŞUN ÜLKE KODU
ISO country code tu
050 ## - SINIFLAMA ve YER NUMARASI
Sınıflama Numarası PL243.B49
Yer Numarası A95 1974
100 1# - KİŞİ ADI
Yazar Adı (Kişi adı) Beyatlı, Yahya Kemal .
245 1# - ESER ADI BİLDİRİMİ
Başlık Aziz İstanbul/
Sorumluluk Bildirimi Yahya Kemal Beyatlı ; Yahya Kemal Beyatlı.
250 ## - BASIM BİLDİRİMİ
Basım Bildirimi 3. baskı
264 #1 - ÜRERİM, YAYIN, DAĞITIM ve TELİF BİLDİRİMİ
Yayın yeri İstanbul :
Yayınlayan İstanbul Fetih Cemiyeti,1974.
Yayın tarihi 1974
300 ## - FİZİKSEL TANIMLAMA
Sayfa, Cilt vb. 206 sayfa: resimli; 21 cm.
336 ## - İÇERİK TÜRÜ
Content type term metin
Content type code txt
Source rdacontent
337 ## - MEDYA TÜRÜ
Media type term aracısız
Media type code n
Source rdamedia
338 ## - TAŞIYICI TÜRÜ
Carrier type term cilt
Carrier type code nc
Source rdacarrier
490 1# - DİZİ BİLDİRİMİ
Dizi Bildirimi Yahya Kemal külliyatı ;
Cilt Numarası 5.
490 1# - DİZİ BİLDİRİMİ
Dizi Bildirimi Yahya Kemal Enstitüsü yayımları ;
Cilt Numarası 8.
490 1# - DİZİ BİLDİRİMİ
Dizi Bildirimi İst.
490 1# - DİZİ BİLDİRİMİ
Dizi Bildirimi Fetih Cemiyeti neşriyatı ;
Cilt Numarası 52.
500 ## - GENEL NOT
Genel Not Dizin var.
650 #0 - KONU BAŞLIĞI EK GİRİŞ - KONU TERİMİ
Konusal terim veya coğrafi ad Türk edebiyatı--Roman.
9 (RLIN) 3222
650 #0 - KONU BAŞLIĞI EK GİRİŞ - KONU TERİMİ
Konusal terim veya coğrafi ad Turkish literature--Fiction.
9 (RLIN) 3223
830 1# - SERİ EK GİRİŞİ - TEKBİÇİM ESER ADI
Tekbiçim Başlık Yahya Kemal külliyatı ;
Volume number/sequential designation 5.
9 (RLIN) 11338
830 1# - SERİ EK GİRİŞİ - TEKBİÇİM ESER ADI
Tekbiçim Başlık Yahya Kemal Enstitüsü yayımları ;
Volume number/sequential designation 8.
9 (RLIN) 11339
830 1# - SERİ EK GİRİŞİ - TEKBİÇİM ESER ADI
Tekbiçim Başlık İst.
9 (RLIN) 11340
830 1# - SERİ EK GİRİŞİ - TEKBİÇİM ESER ADI
Tekbiçim Başlık Fetih Cemiyeti neşriyatı ;
Volume number/sequential designation 52.
9 (RLIN) 11341
907 ## - LOCAL DATA ELEMENT G, LDG (RLIN)
a Roman
942 ## - EK GİRİŞ ÖGELERİ (KOHA)
Source of classification or shelving scheme Library of Congress Classification
Koha item type Book
Holdings
Materyal Türü Kalıcı Konum Mevcut Konum Raf Yeri Sınıflandırma Kaynağı Edinim Bilgisi Ana Konular Alt Konular Yer Numarası Demirbaş Numarası Fatura Tarihi Maliyet, Alış Fiyatı Maliyet, Yenileme Fiyatı Geri Çekilme Durumu Kayıp Durumu Hasarlı Durumu Kredi için değil Kayıt Tarih Toplam Ödünçverme Son Görülme Tarihi Son Kontrol Tarihi Genel / Bağış Notu
Book Prof. Dr. Azmi Özcan Kütüphanesi Prof. Dr. Azmi Özcan Kütüphanesi Birûni Salonu Library of Congress Classification Bağış DİL VE EDEBİYAT Doğu Asya, Afrika, Okyanusya Dilleri ve Edebiyatları PL243.B49 A95 1974 0004593 13/08/2010 1.50 1.50         08/05/2009 9 16/12/2024 16/12/2024 Genel Bağış